| 000 | 00361nam a22001577a 4500 | ||
|---|---|---|---|
| 003 | SGT | ||
| 020 | _a9789389034981 | ||
| 082 |
_a612.015 _bB21V |
||
| 100 | _aVASUDEVAN, DM | ||
| 245 | _aTB. OF BIOCHEMISTRY FOR MEDICAL STUDENTS | ||
| 250 | _a9TH | ||
| 260 |
_aINDIA _bJAYPEE PUB _c2021 |
||
| 300 | _a824 | ||
| 650 | _aBIOCHEMISTTRY | ||
| 942 |
_2ddc _cBK _0119 |
||
| 999 |
_c20963 _d20963 |
||